Notable Southerners - Statistics

General Stats
  • This quiz has been taken 7 times
  • The average score is 5 of 9
Answer Stats
Hint Answer % Correct
Former President and Peanut Farmer Jimmy Carter
100%
The King Elvis Presley
86%
The King of Spades Robert E. Lee
71%
Nasar driver killed in the 2001 Daytona 500 Dale Earnhardt
57%
"segregation now, segregation tomorrow, segregation forever" George Wallace
57%
Leading architect of the League of Nations Woodrow Wilson
57%
Performed "Hey Good Lookin" Hank Williams
43%
"3 Stacks" Andre 3000
29%
Union General who never lost a battle George Thomas
14%
No matching quizzes found
Score Distribution
Percent of People with Each Score
Percentile by Number Answered
Your Score History
You have not taken this quiz